General Services Administration documents and publications

Bibliographic Details
Format: Electronic Journal
Language:English
Published: Greenbelt, Maryland : Federal Information & News Dispatch
Subjects:
Online Access:Full text available from Research Library: 03/25/2010 to present

MARC

LEADER 00000nas a2200000 i 4500
001 ssj0001073086
003 WaSeSS
005 20200512172242.0
006 m d
007 cr n
008 131223c20uu9999mdud| p|s|||||| |0eng d
035 |a (WaSeSS)ssj0001073086 
040 |a WaSeSS  |b eng  |c WaSeSS  |d WaSeSS 
043 |a n-us--- 
050 1 4 |a JK1672 
245 0 0 |a General Services Administration documents and publications  |h [electronic resource]. 
260 |a Greenbelt, Maryland :  |b Federal Information & News Dispatch 
310 |a Daily 
506 |a License restrictions may limit access. 
588 |a Description based on: March 25, 2010; title from title screen (ProQuest, viewed Dec. 21, 2013). 
588 |a Latest issue consulted: December 20, 2013 (viewed Dec. 21, 2013). 
610 1 0 |a United States.  |b General Services Administration  |v Newspapers. 
650 0 |a Government purchasing  |z United States  |v Newspapers. 
650 0 |a Government property  |z United States  |v Newspapers. 
650 0 |a Government publications  |z United States  |v Periodicals. 
655 0 |a Electronic journals. 
856 4 0 |z Full text available from Research Library: 03/25/2010 to present  |u https://search.proquest.com/publication/237717